Statistics for Pan American Games Countries

Click here to take the quiz!

General Stats

  • This quiz has been taken 69 times
  • The average score is 35 of 41

Answer Stats

Answer% Correct
Argentina
100%
Mexico
100%
United States of America
100%
Canada
98%
Chile
98%
Brazil
97%
Colombia
97%
Venezuela
97%
Paraguay
95%
Suriname
93%
Uruguay
93%
Antigua and Barbuda
92%
Bahamas
92%
Costa Rica
92%
Dominica
92%
Guyana
92%
Honduras
92%
Peru
92%
Barbados
90%
Belize
90%
Dominican Republic
90%
Ecuador
90%
Guatemala
90%
Bolivia
88%
El Salvador
87%
Haiti
87%
Nicaragua
87%
Cuba
85%
Grenada
85%
Panama
85%
Trinidad and Tobago
85%
Jamaica
83%
Saint Kitts and Nevis
82%
Saint Lucia
82%
St Vincent and the Grenadines
75%
Puerto Rico
72%
Aruba
58%
British Virgin Islands
57%
US Virgins Islands
57%
Bermuda
55%
Cayman Islands
22%

Score Distribution

Percentile by Number Answered

Percent of People with Each Score

Your Score History

You have not taken this quiz